რესპირაციული მედიცინის რჩეული საკითხები : (ბიბ.ჩანაწერი № 58214)
[ მარტივი ფორმატი ]
| 000 -ლიდერი | |
|---|---|
| ფიქსირებული სიგრძის საკონტროლო ველი | 01098nam a22002177a 4500 |
| 003 - საკონტროლო ნომრის იდენტიფიკატორი | |
| საკონტროლო ველი | Ge_BSU |
| 005 - ბოლო ოპერაციის თარიღი და დრო | |
| საკონტროლო ველი | 20210916120103.0 |
| 008 - ფიქსირებული სიგრძის მონაცემთა ელემენტები - ზოგადი ინფორმაცია | |
| ფიქსირებული სიგრძის საკონტროლო ველი | 210916s2019 ge ||||| |||| 00| 0 geo d |
| 020 ## - წიგნის საერთაშორისო სტანდარტული ნომერი | |
| International Standard Book Number | 9789941814136 |
| 041 ## - ენის კოდი | |
| Language code of text/sound track or separate title | geo |
| 080 ## - უნივერსალური ათობითი კლასიფიკაციის ინდექსი | |
| Universal Decimal Classification number | 616.24-073(075.8) ლ-77 |
| 100 ## - მთავარი ჩანაწერი - პიროვნების სახელი | |
| Personal name | ლობჟანიძე, თამაზ |
| 9 (RLIN) | 12491 |
| 245 ## - ცნობა სათაურის შესახებ | |
| Title | რესპირაციული მედიცინის რჩეული საკითხები : |
| Remainder of title | [სახელმძღვანელო] / |
| Statement of responsibility, etc | თამაზ ლობჟანიძე, ივანე ჩხაიძე. |
| 264 ## - წარმოების, გამოცემის, დისტრიბუციის და სხვა ცნობები | |
| გამოცემის, წარმოების, დისტრიბუციის... ადგილი | თბილისი, |
| გამოცემის, წარმოების, დისტრიბუციის... თარიღი | 2019. |
| 300 ## - ფიზიკური აღწერა | |
| Extent | 720 გვ. : |
| Other physical details | სურ., ცხრ. ; |
| Dimensions | 27 სმ |
| 504 ## - BIBLIOGRAPHY, ETC. NOTE | |
| Bibliography, etc | ბიბლიოგრაფია სტატიების ბოლოს. |
| 653 ## - INDEX TERM--UNCONTROLLED | |
| Uncontrolled term | ფილტვების დაავადებები და მათი დიაგნოსტიკა |
| 653 ## - INDEX TERM--UNCONTROLLED | |
| Uncontrolled term | სახელმძღვანელოები |
| 700 ## - ADDED ENTRY--PERSONAL NAME | |
| Personal name | ჩხაიძე, ივანე |
| Relator term | ავტორი |
| 9 (RLIN) | 12492 |
| 942 ## - ADDED ENTRY ELEMENTS (KOHA) | |
| Source of classification or shelving scheme | |
| Koha item type | წიგნი |
| ჩამოწერის სტატუსი | დაკარგული ეგზემპლარის სტატუსი | კლასიფიკაციის წყარო ან თაროზე გაწყობის სქემა | დაზიანების სტატუსი | არ გაიცემა | მუდმივი მდებარეობა (დაცვის ადგილი) | ამჟამინდელი ადგილსამყოფელი | თაროზე განთავსების ადგილი | შეძენის თარიღი | ღირებულება, შესყიდვის ნორმალური ფასი | სრული შენახვის შიფრი | შტრიხკოდი | ბოლო ოპერაციის თარიღი | ეგზემპლარის მიმდევრობითი ნომერი (კეტერი?) | ფასის ძალაში შესვლის თარიღი | ეგზემპლარის სახეობა | საჯარო შენიშვნა |
|---|---|---|---|---|---|---|---|---|---|---|---|---|---|---|---|---|
| ბათუმის შოთა რუსთაველის სახელმწიფო უნივერსიტეტის მთავარი ბიბლიოთეკა | ბათუმის შოთა რუსთაველის სახელმწიფო უნივერსიტეტის მთავარი ბიბლიოთეკა | წიგნსაცავი | 2021-09-16 | 20.00 | 616.24-073(075.8) ლ-77 | 61682 | 2021-09-16 | 61682 | 2021-09-16 | წიგნი | 20 ლ. | |||||
| ბათუმის შოთა რუსთაველის სახელმწიფო უნივერსიტეტის მთავარი ბიბლიოთეკა | ბათუმის შოთა რუსთაველის სახელმწიფო უნივერსიტეტის მთავარი ბიბლიოთეკა | წიგნსაცავი | 2021-09-16 | 20.00 | 616.24-073(075.8) ლ-77 | 61683 | 2021-09-16 | 61683 | 2021-09-16 | წიგნი | 20 ლ. | |||||
| ბათუმის შოთა რუსთაველის სახელმწიფო უნივერსიტეტის მთავარი ბიბლიოთეკა | ბათუმის შოთა რუსთაველის სახელმწიფო უნივერსიტეტის მთავარი ბიბლიოთეკა | წიგნსაცავი | 2021-09-16 | 20.00 | 616.24-073(075.8) ლ-77 | 61684 | 2021-09-16 | 61684 | 2021-09-16 | წიგნი | 20 ლ. | |||||
| ბათუმის შოთა რუსთაველის სახელმწიფო უნივერსიტეტის მთავარი ბიბლიოთეკა | ბათუმის შოთა რუსთაველის სახელმწიფო უნივერსიტეტის მთავარი ბიბლიოთეკა | წიგნსაცავი | 2021-09-16 | 20.00 | 616.24-073(075.8) ლ-77 | 61685 | 2021-09-16 | 61685 | 2021-09-16 | წიგნი | 20 ლ. | |||||
| ბათუმის შოთა რუსთაველის სახელმწიფო უნივერსიტეტის მთავარი ბიბლიოთეკა | ბათუმის შოთა რუსთაველის სახელმწიფო უნივერსიტეტის მთავარი ბიბლიოთეკა | წიგნსაცავი | 2021-09-16 | 20.00 | 616.24-073(075.8) ლ-77 | 61686 | 2021-09-16 | 61686 | 2021-09-16 | წიგნი | 20 ლ. |
